000 00713nam a2200265Ia 4500
001 Para_4370
003 CHAP
008 220125s1939 xx 000 0 und d
010 _a204610
040 _cCHAP
090 _aPA FOLLETO 1901
100 _aBishopp, F. C
_912945
245 _aHousefly control /
_c F. C. Bishopp
260 _aWashington :
_b Department of Agriculture
300 _a5 p.
440 _aEUA. Dep. Agr. Leaflet; 182
_9170544
650 _aMusca doméstica Control de plagas
_9168372
901 _aPA FOLLETO 1901
902 _aA
905 _a0000001939 WAS 0000000000 00
910 _a1939
942 _cPARA
942 _cPARA
_d1
999 _c204610
_d204610